| 000 | | | 06421cbc2a2200000#x 450 |
| 001 | | | 116e9610-6a23-4843-8dbe-7dc58d647524 |
| 005 | | | 20240507171057.0 |
| 101 | 0# | $a | rus |
| 102 | ## | $a | RU |
| 200 | 1# | $a | Резолюции и телеграммы рабочих Петроградского металлического, Путиловского, Обуховского, Самарского, Эриксона заводов, служащих и студентов, поступившие в Государственную думу Четвертого созыва, с протестами по поводу исключения из Государственной думы членов социал-демократической фракции и трудовиков |
| | $j | 25 ноября 1916 г. - 12 января 1917 г. |
| 251 | ## | $c | Дело |
| 215 | ## | $a | 20 листов |
| | $d | 36,5х26 см |
| 225 | 0# | $a | Фонд Государственная дума I, II, III и IV созывов |
| | $h | Опись № 5 |
| 300 | ## | $a | Оригинальный заголовок дела: Дело председателя Государственной думы. Об исключении депутатов. 25 ноября 1916 г. - 12 января 1917 г. |
| 300 | ## | $a | Машинописный и рукописный текст |
| 801 | #0 | $a | RU |
| | $b | РГИА |
| 801 | #1 | $a | RU |
| | $b | ПБ им. Б.Н. Ельцина |
| | $2 | rusmarc |
| | $c | 20170803 |
| 801 | #2 | $a | RU |
| | $b | ПБ им. Б.Н. Ельцина |
| | $g | RCR |
| | $2 | rusmarc |
| 850 | ## | $a | Федеральное казенное учреждение "Российский государственный исторический архив" |
| 852 | ## | $a | РГИА |
| | $j | 1239 |
| 937 | ## | $d | 10950903 |
| | $h | ПБ |
| 100 | ## | $a | 20140212l19161917k##a0rusy0102####са |
| 105 | ## | $a | y### |
| 122 | 2# | $a | d19161125## |
| | $a | d19170112## |
| 517 | 1# | $a | Дело председателя Государственной думы. Об исключении депутатов |
| | $e | 25 ноября 1916 г. - 12 января 1917 г. |
| 461 | #0 | $1 | 00148572405-38c5-4094-b713-85756505f9f4 |
| | $1 | 2001 |
| | $a | Государственная Дума I, II, III и IV созывов |
| | $1 | 251 |
| | $c | Фонд |
| | $1 | 852 |
| | $j | 1278 |
| 462 | #0 | $1 | 001738a68d6-6ea7-48b2-886e-08c6c19a37fc |
| | $1 | 2001 |
| | $a | 1912-1917 гг. |
| | $v | Д. 1239 |
| | $1 | 251 |
| | $c | Опись |
| | $1 | 852 |
| | $j | 5 |
| 035 | ## | $a | 116e9610-6a23-4843-8dbe-7dc58d647524 |
| 856 | ## | $u | http://readingroom.main.prlib.ru/item.aspx?id_node=n101287855 |
| 601 | 01 | $2 | prlib_sh |
| | $3 | LIBNET\UAF\0000093854 |
| | $a | Россия |
| | $b | Государственная дума |
| | $b | Созыв |
| | $b | Социал-демократическая рабочая фракция |
| | $c | 4 |
| | $j | Архивные дела |
| 601 | 01 | $3 | RU\NLR\AUTH\8810122856 |
| | $a | Россия |
| | $b | Государственная дума |
| | $b | Созыв |
| | $b | Трудовая группа |
| | $c | 4 |
| | $j | Архивные дела |
| 601 | 02 | $2 | prlib_sh |
| | $3 | LIBNET\UAF\0000111922 |
| | $a | Обуховский сталелитейный завод |
| | $c | Санкт-Петербург, город |
| | $j | Архивные дела |
| | $x | История |
| 605 | ## | $2 | acquisition_Prlib |
| | $3 | LIBNET\UAF\0000110675 |
| | $a | Обуховский завод: из истории становления отечественной промышленности |
| | $l | коллекция |
| 605 | ## | $2 | acquisition_Prlib |
| | $3 | DITM\AF\0000003834 |
| | $a | Народ |
| | $l | коллекция |
| 606 | 1# | $2 | prlib_sh |
| | $3 | LIBNET\UAF\0000111953 |
| | $a | Рабочее движение |
| | $j | Архивные дела |
| | $y | Санкт-Петербург, город |
| | $z | нач. 20 в. |
| 686 | ## | $2 | rubbk |
| | $a | 65.03(2-2СПб)53ю1 |
| | $v | LBC/M |
| 686 | ## | $2 | rubbk |
| | $a | 63.3(2)53-421ю1 |
| | $v | LBC/M |